书目信息 |
| 题名: |
高血压自我管理
|
|
| 作者: | 刘建平 主编 | |
| 分册: | ||
| 出版信息: | 上海 上海文化出版社 2008 |
|
| 页数: | 181页 | |
| 开本: | 22cm | |
| 丛书名: | 家庭用药·慢性病自我管理丛书 | |
| 单 册: | ||
| 中图分类: | R544.1 , R544.1-44 | |
| 科图分类: | ||
| 主题词: | 高血压--防治 , 高血压 | |
| 电子资源: | ||
| ISBN: | 978-7-80740-222-0 | |
| 000 | 00841oam2 2200265 450 | |
| 001 | 1553337681 | |
| 005 | 20150131144919.21 | |
| 010 | @a978-7-80740-222-0@dCNY15.00 | |
| 100 | @a20080514d2008 em y0chiy50 ea | |
| 101 | 0 | @achi |
| 102 | @aCN@b310000 | |
| 105 | @ay z 000yy | |
| 200 | 1 | @a高血压自我管理@9gao xue ya zi wo guan li@f刘建平主编 |
| 210 | @a上海@c上海文化出版社@d2008 | |
| 215 | @a181页@d22cm | |
| 225 | 2 | @a家庭用药·慢性病自我管理丛书 |
| 330 | @a本书共分为四篇:认识篇、治疗篇、合并症篇、调养篇。分别介绍了高血压的治疗、调养及合并症等基本知识。 | |
| 461 | 0 | @12001 @a家庭用药·慢性病自我管理丛书 |
| 606 | 0 | @a高血压@x防治 |
| 606 | 0 | @a高血压 |
| 690 | @aR544.1@v5 | |
| 690 | @aR544.1-44@v4 | |
| 701 | 0 | @a刘建平@9liu jian ping@f(1965.1~)@4主编 |
| 801 | 0 | @aCN@bTSSF@c20150131 |
| 905 | @aZUCC@dR544.1-44@eJY352 | |
| 高血压自我管理/刘建平主编.-上海:上海文化出版社,2008 |
| 181页;22cm.-(家庭用药·慢性病自我管理丛书) |
| ISBN 978-7-80740-222-0:CNY15.00 |
| 本书共分为四篇:认识篇、治疗篇、合并症篇、调养篇。分别介绍了高血压的治疗、调养及合并症等基本知识。 |
| ● |
| 相关链接 |
|
|
|
|
正题名:高血压自我管理
索取号:R544.1-44/JY352
 
预约/预借
| 序号 | 登录号 | 条形码 | 馆藏地/架位号 | 状态 | 备注 |
| 1 | 7861426 | 278614260 | 学院路分馆/ [索取号:R544.1-44/JY352] | 在馆 | |
| 2 | 7861427 | 278614279 | 学院路分馆/ [索取号:R544.1-44/JY352] | 在馆 |